| 000 | 01293nam a22002537a 4500 | ||
|---|---|---|---|
| 999 |
_c63975 _d63975 |
||
| 005 | 20251125233104.0 | ||
| 008 | s2554 th tha d | ||
| 020 | _a9789744665225 | ||
| 040 | _aNALT | ||
| 041 | _atha | ||
| 050 | _aDS575.5.C3 ส319 2554 | ||
| 100 | 0 | _aจอมพล คาวสุโข | |
| 245 | 1 | 0 | _aสยาม-ขะแมร์ คู่รัก คู่ชัง คู่กรรม คู่เวร |
| 260 | 3 |
_aกรุงเทพฯ : _bโครงการเอเชียตะวันออกศึกษา, _c2554 |
|
| 300 |
_a222 หน้า : _b ภาพประกอบ ; _c 21ซม. |
||
| 650 | 0 | 4 | _aไทย -- เขตแดน -- กัมพูชา |
| 650 | 0 | 4 | _aกัมพูชา -- เขตแดน -- ไทย |
| 650 | 0 | 4 | _aกัมพูชา -- ความสัมพันธ์กับต่างประเทศ -- ไทย |
| 650 | 0 | 4 | _aไทย -- ความสัมพันธ์กับต่างประเทศ -- กัมพูชา |
| 850 | _aNALT | ||
| 856 | 4 | 0 |
_uhttps://hdl.handle.net/20.500.14156/411692 _71 |
| 942 |
_cGB _2lcc _02 |
||
| 998 |
_j8 _k นายบัณฑิต อุทาวงค์ |
||